Champions League English Team XIs - 2010-2015 Quiz Stats

 Plays Quiz not verified by Sporcle

Score 0/220 Timer 15:00
3 Plays Today
Team Players % Correct
Chelsea (2010/11)Petr Cech
95.1%
Chelsea (2011/12)Petr Cech
95.1%
Chelsea (2012/13)Petr Cech
95.1%
Chelsea (2013/14)Petc Cech
95%
Chelsea (2010/11)John Terry
93.1%
Chelsea (2011/12)John Terry
93.1%
Chelsea (2013/14)John Terry
93.1%
Chelsea (2014/15)John Terry
93.1%
Man United (2010/11)Wayne Rooney
92.7%
Man United (2011/12)Wayne Rooney
92.7%
Man United (2013/14)Wayne Rooney
92.7%
Man United (2012/13)Wayne Rooney
92.7%
Man City (2011/12)Joe Hart
92.2%
Man City (2012/13)Joe Hart
92.2%
Man City (2013/14)Joe Hart
92.2%
Man City (2014/15)Joe Hart
92.2%
Man City (2011/12)Yaya Toure
91.4%
Man City (2012/13)Yaya Toure
91.4%
Man City (2013/14)Yaya Toure
91.4%
Man City (2014/15)Yaya Toure
91.4%
Man City (2011/12)Sergio Aguero
91.4%
Man City (2012/13)Sergio Aguero
91.4%
Man City (2013/14)Sergio Aguero
91.4%
Man City (2014/15)Sergio Aguero
91.4%
Man United (2011/12)David de Gea
91.3%
Man United (2012/13)David de Gea
91.3%
Man United (2013/14)David de Gea
91.3%
Chelsea (2011/12)Didier Drogba
90.4%
Chelsea (2010/11)Didier Drogba
90.4%
Man United (2010/11)Ryan Giggs
90.2%
Man United (2011/12)Ryan Giggs
90.2%
Man United (2013/14)Ryan Giggs
90.2%
Man United (2012/13)Ryan Giggs
90.2%
Chelsea (2010/11)Branislav Ivanovic
89.9%
Chelsea (2011/12)Branislav Ivanovic
89.9%
Chelsea (2012/13)Branislav Ivanovic
89.9%
Chelsea (2013/14)Branislav Ivanovic
89.9%
Chelsea (2014/15)Branislav Ivanovic
89.9%
Man United (2010/11)Nemanja Vidic
89.1%
Man United (2013/14)Nemanja Vidic
89.1%
Man City (2011/12)Vincent Kompany
89.1%
Man City (2012/13)Vincent Kompany
89.1%
Man City (2014/15)Vincent Kompany
89.1%
Man City (2011/12)David Silva
88.8%
Man City (2013/14)David Silva
88.8%
Man City (2014/15)David Silva
88.8%
Chelsea (2012/13)Eden Hazard
88.2%
Chelsea (2013/14)Eden Hazard
88.2%
Chelsea (2014/15)Eden Hazard
88.2%
Chelsea (2012/13)Gary Cahill
88%
Chelsea (2013/14)Gary Cahill
88%
Chelsea (2014/15)Gary Cahill
88%
Arsenal (2012/13)Aaron Ramsey
87.3%
Arsenal (2013/14)Aaron Ramsey
87.3%
Arsenal (2014/15)Aaron Ramsey
87.3%
Man United (2010/11)Rio Ferdinand
87.1%
Man United (2011/12)Rio Ferdinand
87.1%
Man United (2013/14)Rio Ferdinand
87.1%
Man United (2010/11)Edwin van der Sar
87%
Arsenal (2011/12)Robin van Persie
87%
Man United (2012/13)Robin van Persie
87%
Spurs (2010/11)Gareth Bale
86.6%
Man United (2011/12)Antonio Valencia
85.9%
Man United (2013/14)Antonio Valencia
85.9%
Arsenal (2010/11)Cesc Fabregas
85.7%
Chelsea (2014/15)Cesc Fabregas
85.7%
Man United (2010/11)Patrice Evra
85.4%
Man United (2011/12)Patrice Evra
85.4%
Man United (2013/14)Patrice Evra
85.4%
Man United (2012/13)Patrice Evra
85.4%
Man United (2010/11)Nani
85.3%
Man United (2011/12)Nani
85.3%
Man United (2010/11)Park Ji-Sung
85.1%
Arsenal (2013/14)Mesut Ozil
84.9%
Team Players % Correct
Arsenal (2014/15)Mesut Ozil
84.9%
Man United (2010/11)Dimitar Berbatov
84.6%
Man City (2011/12)Pablo Zabaleta
84.2%
Man City (2012/13)Pablo Zabaleta
84.2%
Man City (2013/14)Pablo Zabaleta
84.2%
Man City (2014/15)Pablo Zabaleta
84.2%
Arsenal (2014/15)Alexis Sanchez
83.3%
Arsenal (2012/13)Olivier Giroud
82.9%
Arsenal (2013/14)Olivier Giroud
82.9%
Arsenal (2011/12)Per Mertesacker
82.5%
Arsenal (2012/13)Per Mertesacker
82.5%
Arsenal (2013/14)Per Mertesacker
82.5%
Arsenal (2014/15)Per Mertesacker
82.5%
Liverpool (2014/15)Simon Mignolet
82.1%
Chelsea (2014/15)Diego Costa
82%
Chelsea (2013/14)Willian
81.7%
Chelsea (2014/15)Willian
81.7%
Man United (2010/11)Michael Carrick
81.5%
Man United (2011/12)Michael Carrick
81.5%
Man United (2013/14)Michael Carrick
81.5%
Man United (2012/13)Michael Carrick
81.5%
Arsenal (2010/11)Gael Clichy
80.9%
Man City (2011/12)Gael Clichy
80.9%
Man City (2012/13)Gael Clichy
80.9%
Man City (2014/15)Gael Clichy
80.9%
Chelsea (2014/15)Thibaut Courtois
80.8%
Chelsea (2011/12)David Luiz
80.8%
Chelsea (2012/13)David Luiz
80.8%
Chelsea (2013/14)David Luiz
80.8%
Man City (2011/12)Edin Dzeko
80.6%
Man City (2012/13)Edin Dzeko
80.6%
Man City (2013/14)Edin Dzeko
80.6%
Spurs (2010/11)Luka Modric
80.4%
Chelsea (2011/12)Frank Lampard
80.3%
Chelsea (2013/14)Frank Lampard
80.3%
Arsenal (2010/11)Tomas Rosicky
79.6%
Arsenal (2011/12)Tomas Rosicky
79.6%
Arsenal (2013/14)Tomas Rosicky
79.6%
Arsenal (2011/12)Laurent Koscielny
79.5%
Arsenal (2012/13)Laurent Koscielny
79.5%
Arsenal (2013/14)Laurent Koscielny
79.5%
Arsenal (2014/15)Laurent Koscielny
79.5%
Chelsea (2010/11)Ashley Cole
78.8%
Chelsea (2011/12)Ashley Cole
78.8%
Chelsea (2012/13)Ashley Cole
78.8%
Chelsea (2010/11)Michael Essien
78.6%
Chelsea (2012/13)Oscar
77.8%
Chelsea (2013/14)Oscar
77.8%
Chelsea (2014/15)Oscar
77.8%
Man United (2012/13)Javier Hernandez
77.8%
Man United (2011/12)Phil Jones
77.2%
Man United (2013/14)Phil Jones
77.2%
Chelsea (2010/11)John Obi Mikel
76.9%
Chelsea (2011/12)John Obi Mikel
76.9%
Chelsea (2012/13)John Obi Mikel
76.9%
Spurs (2010/11)Heurelho Gomes
76.4%
Chelsea (2014/15)Nemanja Matic
75.2%
Man United (2012/13)Rafael
75.1%
Liverpool (2014/15)Coutinho
75.1%
Liverpool (2014/15)Martin Skrtel
74.2%
Man United (2012/13)Danny Welbeck
73.7%
Arsenal (2014/15)Danny Welbeck
73.7%
Arsenal (2010/11)Samir Nasri
73.7%
Man City (2011/12)Samir Nasri
73.7%
Man City (2012/13)Samir Nasri
73.7%
Man City (2013/14)Samir Nasri
73.7%
Arsenal (2012/13)Santi Cazorla
73.2%
Arsenal (2014/15)Santi Cazorla
73.2%
Liverpool (2014/15)Dejan Lovren
73%
Liverpool (2014/15)Jordan Henderson
72.6%
Arsenal (2010/11)Jack Wilshere
72.2%
Chelsea (2012/13)Fernando Torres
72%
Arsenal (2013/14)Bacary Sagna
71.3%
Man United (2010/11)Chris Smalling
71.2%
Team Players % Correct
Man United (2013/14)Chris Smalling
71.2%
Man United (2013/14)Shinji Kagawa
71.2%
Liverpool (2014/15)Steven Gerrard
71%
Arsenal (2011/12)Theo Walcott
70.2%
Arsenal (2011/12)Wojciech Szczesny
69.8%
Arsenal (2013/14)Wojciech Szczesny
69.8%
Arsenal (2014/15)Wojciech Szczesny
69.8%
Arsenal (2010/11)Lukasz Fabianski
68.9%
Man United (2012/13)Jonny Evans
68.6%
Spurs (2010/11)Rafael van der Vaart
67.9%
Liverpool (2014/15)Alberto Moreno
67.5%
Arsenal (2013/14)Kieran Gibbs
67.4%
Arsenal (2014/15)Kieran Gibbs
67.4%
Man City (2013/14)Fernandinho
67.3%
Liverpool (2014/15)Mario Balotelli
66.2%
Man City (2014/15)James Milner
65.9%
Man United (2011/12)Fabio
65.7%
Arsenal (2010/11)Alex Song
65.6%
Arsenal (2011/12)Alex Song
65.6%
Chelsea (2010/11)Ramires
65.2%
Chelsea (2011/12)Ramires
65.2%
Chelsea (2012/13)Ramires
65.2%
Chelsea (2013/14)Ramires
65.2%
Man City (2013/14)Aleksandar Kolarov
63.7%
Liverpool (2014/15)Joe Allen
63.6%
Man City (2014/15)Fernando
63%
Man United (2011/12)Anderson
62.3%
Arsenal (2010/11)Emmanuel Eboue
61.2%
Chelsea (2011/12)Juan Mata
60.3%
Chelsea (2012/13)Juan Mata
60.3%
Man City (2013/14)Martin Demichelis
60.3%
Man City (2014/15)Martin Demichelis
60.3%
Arsenal (2011/12)Gervinho
60.2%
Arsenal (2012/13)Gervinho
60.2%
Chelsea (2010/11)Florent Malouda
59.8%
Man City (2013/14)Jesus Navas
59.7%
Man City (2014/15)Jesus Navas
59.7%
Liverpool (2014/15)Raheem Sterling
58.9%
Chelsea (2010/11)Nicolas Anelka
58.9%
Spurs (2010/11)Peter Crouch
58.3%
Arsenal (2014/15)Alex Oxlade-Chamberlain
56.4%
Arsenal (2011/12)Thomas Vermaelen
55.7%
Arsenal (2012/13)Thomas Vermaelen
55.7%
Man City (2011/12)Gareth Barry
55.7%
Man City (2012/13)Gareth Barry
55.7%
Arsenal (2010/11)Marouane Chamakh
54.6%
Arsenal (2011/12)Mikel Arteta
53.3%
Arsenal (2012/13)Mikel Arteta
53.3%
Arsenal (2013/14)Mikel Arteta
53.3%
Chelsea (2010/11)Yuri Zhirkov
52.9%
Spurs (2010/11)Vedran Corluka
51.2%
Arsenal (2010/11)Johan Djourou
51.1%
Man City (2011/12)Joleon Lescott
49.4%
Arsenal (2012/13)Lukas Podolski
47.9%
Spurs (2010/11)William Gallas
45.3%
Spurs (2010/11)Benoit Assou-Ekotto
43.1%
Chelsea (2014/15)Filipe Luis
41.9%
Arsenal (2012/13)Vito Mannone
40.9%
Man City (2012/13)Matija Nastasic
40.6%
Arsenal (2014/15)Calum Chambers
40.6%
Man United (2012/13)Tom Cleverley
38.9%
Chelsea (2013/14)Cesar Azpilicueta
38.5%
Chelsea (2011/12)Raul Meireles
37.7%
Arsenal (2012/13)Carl Jenkinson
36.9%
Arsenal (2011/12)Andre Santos
33.5%
Spurs (2010/11)Aaron Lennon
32.7%
Spurs (2010/11)Tom Huddlestone
31.7%
Liverpool (2014/15)Manquillo
29.7%
Arsenal (2010/11)Sebastien Squillaci
29.5%
Arsenal (2013/14)Mathieu Flamini
28.7%
Spurs (2010/11)Jermaine Jenas
25.5%
Man City (2012/13)Javi Garcia
25.1%

You're not logged in!

Compare scores with friends on all Sporcle quizzes.
OR
Log In

Sporcle TV

Today on Sporcle TV


Watch our educational content, quiz creation guides, and fun videos on Sporcle TV.

Show Comments

Extras

Top Quizzes Today


Score Distribution

Your Account Isn't Verified!

In order to create a playlist on Sporcle, you need to verify the email address you used during registration. Go to your Sporcle Settings to finish the process.

Report this User

Report this user for behavior that violates our Community Guidelines.

Details: